000 00535nam a2200181Ia 4500
005 20250326124527.0
008 250326s9999 xx 000 0 und d
037 _aTextbook
040 _aFMSL
_beng
_cFMSL
041 _aeng
_2eng
084 _aX:8 K9;2
_qFMSL
100 _aBlake R R
245 0 _aBuilding a dynamic corporation through grid organization development
_cBlake R R; Mouton J S
260 _aLondon
_bLondon, Addison-Wesley
_c1969
300 _a120p
942 _cTB
_hX:8 K9;2
999 _c1274056
_d1274056